Význam cestovního ruchu v rozvojových zemích diplomová práca

Saved in:
Bibliographic Details
Main Author: Klvaňová, Klára
Corporate Author: Obchodná fakulta EU. Katedra služieb a cestovného ruchu - zrušené
Other Authors: Rudolf, Ján, 1977-
Format: Book
Language:Czech
Published: Bratislava 2014
Tags: Add Tag
No Tags, Be the first to tag this record!

MARC

LEADER 00000nbm a2200000 4500
001 0186180
005 20170201095235.7
041 0 |a cze 
044 |a SK 
245 1 0 |a Význam cestovního ruchu v rozvojových zemích  |b diplomová práca  |c Klára Klvaňová ; školiteľ: Ján Rudolf 
264 1 |a Bratislava  |c 2014 
300 |a 74 s. 
100 1 |a Klvaňová, Klára 
700 1 |a Rudolf, Ján, 1977- 
710 2 |a Obchodná fakulta EU. Katedra služieb a cestovného ruchu - zrušené